[Event "escc2023_65"]
[Site "?"]
[Date "2023.05.31"]
[Round "6.19"]
[White "Bohlin, Jan"]
[Black "Pritchett, Craig W"]
[Result "1/2-1/2"]
[BlackElo "2232"]
[WhiteElo "1814"]
[LiveChessVersion "1.4.8"]

1. c4 {[%clk 1:30:56]} c5 {[%clk 1:29:19]} 2. g3 {[%clk 1:31:17]} Nc6
{[%clk 1:29:29]} 3. Bg2 {[%clk 1:31:11]} g6 {[%clk 1:29:49]} 4. Nc3
{[%clk 1:31:18]} Bg7 {[%clk 1:30:13]} 5. Nf3 {[%clk 1:31:17]} d6 {[%clk 1:29:45]}
6. O-O {[%clk 1:30:47]} Bf5 {[%clk 1:27:11]} 7. a3 {[%clk 1:23:25]} Qd7
{[%clk 1:23:58]} 8. Re1 {[%clk 1:20:38]} Bh3 {[%clk 1:14:34]} 9. Bh1
{[%clk 1:20:55]} h5 {[%clk 1:11:48]} 10. e3 {[%clk 1:14:35]} Bg4 {[%clk 1:05:31]}
11. Qa4 {[%clk 1:11:16]} Nh6 {[%clk 1:01:05]} 12. b4 {[%clk 0:51:17]} Nf5
{[%clk 0:51:36]} 13. Rb1 {[%clk 0:40:10]} h4 {[%clk 0:38:31]} 14. Ne4
{[%clk 0:37:51]} hxg3 {[%clk 0:36:55]} 15. fxg3 {[%clk 0:37:33]} cxb4
{[%clk 0:26:22]} 16. axb4 {[%clk 0:37:44]} Bxf3 {[%clk 0:09:38]} 17. Bxf3
{[%clk 0:37:59]} Ne5 {[%clk 0:04:26]} 18. Qxd7+ {[%clk 0:37:50]} Kxd7
{[%clk 0:04:51]} 19. Be2 {[%clk 0:36:28]} Rhc8 {[%clk 0:04:50]} 20. c5
{[%clk 0:32:52]} d5 {[%clk 0:04:45]} 21. Ng5 {[%clk 0:30:29]} Bh6
{[%clk 0:02:07]} 22. Nf3 {[%clk 0:30:10]} Nxf3+ {[%clk 0:02:08]} 23. Bxf3
{[%clk 0:30:30]} e6 {[%clk 0:02:37]} 24. Bb2 {[%clk 0:25:32]} Bg7
{[%clk 0:02:54]} 25. Bxg7 {[%clk 0:21:23]} Nxg7 {[%clk 0:03:22]} 26. e4
{[%clk 0:15:18]} dxe4 {[%clk 0:03:49]} 27. Bxe4 {[%clk 0:15:28]} Rc7
{[%clk 0:02:28]} 28. d4 {[%clk 0:14:53]} f5 {[%clk 0:01:32]} 29. Bg2
{[%clk 0:14:17]} Rd8 {[%clk 0:01:18]} 30. d5 {[%clk 0:09:18]} exd5
{[%clk 0:01:47]} 31. Bxd5 {[%clk 0:09:37]} Kc8 {[%clk 0:02:09]} 32. Bf3
{[%clk 0:04:32]} Re8 {[%clk 0:02:00]} 33. Rxe8+ {[%clk 0:04:17]} Nxe8
{[%clk 0:02:29]} 34. Re1 {[%clk 0:04:13]} Ng7 {[%clk 0:02:20]} 35. Rd1
{[%clk 0:03:41]} a5 {[%clk 0:02:33]} 36. bxa5 {[%clk 0:03:13]} Rxc5
{[%clk 0:03:02]} 37. Rb1 {[%clk 0:03:22]} Rxa5 {[%clk 0:02:42]} 38. Bxb7+
{[%clk 0:02:33]} 1/2-1/2

[Event "escc2023_65"]
[Site "?"]
[Date "2023.05.31"]
[Round "6.20"]
[White "Luminet, Denis"]
[Black "Adler, Doron"]
[Result "1-0"]
[BlackElo "1766"]
[WhiteElo "2146"]
[LiveChessVersion "1.4.8"]

1. Nf3 {[%clk 1:30:54]} Nf6 {[%clk 1:30:42]} 2. c4 {[%clk 1:31:02]} e6
{[%clk 1:30:42]} 3. Nc3 {[%clk 1:30:57]} d5 {[%clk 1:30:56]} 4. d4
{[%clk 1:31:09]} Be7 {[%clk 1:31:11]} 5. Bg5 {[%clk 1:25:14]} h6 {[%clk 1:30:27]}
6. Bxf6 {[%clk 1:24:23]} Bxf6 {[%clk 1:30:47]} 7. e3 {[%clk 1:24:38]} c6
{[%clk 1:30:51]} 8. Qc2 {[%clk 1:21:07]} O-O {[%clk 1:30:29]} 9. O-O-O
{[%clk 1:18:31]} Nd7 {[%clk 1:30:39]} 10. h4 {[%clk 1:15:58]} g6 {[%clk 1:26:26]}
11. e4 {[%clk 1:03:23]} dxc4 {[%clk 1:22:00]} 12. e5 {[%clk 1:00:09]} Bg7
{[%clk 1:22:13]} 13. Bxc4 {[%clk 1:00:08]} Re8 {[%clk 1:22:29]} 14. Ne4
{[%clk 0:58:31]} Nb6 {[%clk 1:19:50]} 15. Nd6 {[%clk 0:54:32]} Re7
{[%clk 1:19:08]} 16. Bb3 {[%clk 0:40:35]} Rb8 {[%clk 1:19:16]} 17. h5
{[%clk 0:33:23]} g5 {[%clk 1:18:13]} 18. Qe4 {[%clk 0:30:02]} Rc7
{[%clk 1:17:14]} 19. Kb1 {[%clk 0:28:21]} Nd5 {[%clk 1:15:28]} 20. Rc1
{[%clk 0:23:07]} f5 {[%clk 1:12:10]} 21. Qc2 {[%clk 0:20:50]} Bd7
{[%clk 1:08:28]} 22. Nxf5 {[%clk 0:17:31]} Bf8 {[%clk 1:02:27]} 23. Nxh6+
{[%clk 0:14:05]} Bxh6 24. Qg6+ Bg7 {[%clk 1:00:56]} 25. Nxg5 {[%clk 0:11:59]} Nf4
{[%clk 0:59:41]} 26. Qf7+ {[%clk 0:11:47]} Kh8 {[%clk 0:59:44]} 27. h6
{[%clk 0:09:15]} 1-0

[Event "escc2023_65"]
[Site "?"]
[Date "2023.05.31"]
[Round "6.21"]
[White "Raynes, Paul"]
[Black "Taksrud, Vidar"]
[Result "0-1"]
[BlackElo "1885"]
[WhiteElo "2077"]
[LiveChessVersion "1.4.8"]

1. d4 {[%clk 1:30:44]} Nf6 {[%clk 1:30:37]} 2. c4 {[%clk 1:30:03]} e6
{[%clk 1:30:12]} 3. Nc3 {[%clk 1:30:22]} Bb4 {[%clk 1:30:26]} 4. g3
{[%clk 1:30:24]} O-O {[%clk 1:29:47]} 5. Bg2 {[%clk 1:30:29]} d5 {[%clk 1:30:02]}
6. Nf3 {[%clk 1:30:45]} c6 {[%clk 1:28:31]} 7. O-O {[%clk 1:30:52]} Nbd7
{[%clk 1:23:51]} 8. Qb3 {[%clk 1:28:26]} Bd6 {[%clk 1:22:40]} 9. Bf4
{[%clk 1:26:08]} dxc4 {[%clk 1:21:47]} 10. Qxc4 {[%clk 1:22:38]} Nb6
{[%clk 1:20:18]} 11. Qb3 {[%clk 1:21:12]} Nbd5 {[%clk 1:19:58]} 12. Bxd6
{[%clk 1:20:01]} Qxd6 {[%clk 1:20:20]} 13. Rac1 {[%clk 1:17:35]} Nxc3
{[%clk 1:17:50]} 14. bxc3 {[%clk 1:15:53]} Nd7 {[%clk 1:14:56]} 15. Rfd1
{[%clk 1:12:44]} a5 {[%clk 1:14:23]} 16. a4 {[%clk 1:10:59]} b5 {[%clk 1:09:58]}
17. e3 {[%clk 1:07:42]} Ba6 {[%clk 1:05:03]} 18. Nd2 {[%clk 1:05:39]} Rab8
{[%clk 1:03:48]} 19. Ne4 {[%clk 1:03:09]} Qe7 {[%clk 1:02:05]} 20. Qa2
{[%clk 0:58:30]} Rfc8 {[%clk 1:01:04]} 21. axb5 {[%clk 0:57:28]} Bxb5
{[%clk 0:57:30]} 22. c4 {[%clk 0:54:43]} Ba6 {[%clk 0:57:50]} 23. Qxa5
{[%clk 0:54:42]} Ra8 {[%clk 0:57:18]} 24. Qh5 {[%clk 0:53:37]} f5
{[%clk 0:53:10]} 25. Ng5 {[%clk 0:51:38]} Nf6 {[%clk 0:52:51]} 26. Qh4
{[%clk 0:49:28]} h6 {[%clk 0:52:01]} 27. Nf3 {[%clk 0:48:40]} Qb4
{[%clk 0:47:34]} 28. Ne5 {[%clk 0:48:19]} Bb7 {[%clk 0:45:16]} 29. c5
{[%clk 0:47:33]} Ra2 {[%clk 0:44:23]} 30. Rb1 {[%clk 0:43:58]} Qa4
{[%clk 0:44:35]} 31. Rdc1 {[%clk 0:39:36]} Ba6 {[%clk 0:42:12]} 32. Bf3
{[%clk 0:39:09]} Qa5 {[%clk 0:38:45]} 33. Rd1 {[%clk 0:30:53]} Qc3
{[%clk 0:37:35]} 34. Qh3 {[%clk 0:28:09]} Rf8 {[%clk 0:30:21]} 35. Qg2
{[%clk 0:27:39]} Ne4 {[%clk 0:29:56]} 36. Bxe4 {[%clk 0:20:18]} fxe4
{[%clk 0:30:15]} 37. Qh3 {[%clk 0:14:50]} Raxf2 {[%clk 0:26:35]} 38. Qxe6+
{[%clk 0:14:43]} Kh7 {[%clk 0:26:54]} 39. Qg6+ {[%clk 0:13:34]} Kh8
{[%clk 0:27:04]} 40. Qxe4 {[%clk 0:13:07]} Bc8 {[%clk 0:24:55]} 41. Ng6+
{[%clk 0:12:44]} Kg8 {[%clk 0:25:06]} 42. Nxf8 {[%clk 0:11:55]} Rxf8
{[%clk 0:25:08]} 43. Rf1 {[%clk 0:10:10]} Rxf1+ {[%clk 0:20:29]} 44. Rxf1
{[%clk 0:10:35]} Bh3 {[%clk 0:20:49]} 45. Rb1 {[%clk 0:08:54]} Qd2
{[%clk 0:20:21]} 46. Qf3 {[%clk 0:08:03]} Qc2 {[%clk 0:20:07]} 47. Re1
{[%clk 0:08:01]} Qc3 {[%clk 0:19:09]} 48. Qf2 {[%clk 0:08:00]} Qd3
{[%clk 0:14:53]} 49. e4 {[%clk 0:07:15]} Be6 {[%clk 0:14:35]} 50. Qe3
{[%clk 0:07:03]} Qc2 {[%clk 0:14:27]} 51. Re2 {[%clk 0:06:52]} Qd1+
{[%clk 0:13:56]} 52. Kg2 {[%clk 0:07:10]} Bg4 {[%clk 0:12:36]} 53. Rf2
{[%clk 0:07:20]} Be6 {[%clk 0:12:41]} 54. h3 {[%clk 0:07:07]} Kh7
{[%clk 0:12:31]} 55. Rd2 {[%clk 0:06:13]} Qc1 {[%clk 0:12:20]} 56. Re2
{[%clk 0:05:43]} Qb1 {[%clk 0:12:23]} 57. g4 {[%clk 0:05:33]} Bc4
{[%clk 0:12:29]} 58. Rf2 {[%clk 0:05:50]} Bd3 {[%clk 0:12:33]} 59. Kf3
{[%clk 0:04:32]} g5 {[%clk 0:11:27]} 60. Qd2 {[%clk 0:02:04]} Qh1+
{[%clk 0:06:21]} 61. Kg3 {[%clk 0:02:17]} Qg1+ {[%clk 0:05:46]} 62. Rg2
{[%clk 0:02:17]} Qxd4 {[%clk 0:06:07]} 63. Rf2 {[%clk 0:02:04]} Qe5+
{[%clk 0:06:03]} 64. Kg2 {[%clk 0:02:15]} Bxe4+ {[%clk 0:06:20]} 65. Kg1
{[%clk 0:02:36]} Qg3+ {[%clk 0:06:05]} 66. Kf1 {[%clk 0:02:47]} Bd3+
{[%clk 0:06:19]} 67. Re2 {[%clk 0:02:46]} Qxh3+ {[%clk 0:06:14]} 68. Ke1
{[%clk 0:03:12]} Qh1+ {[%clk 0:06:20]} 69. Kf2 {[%clk 0:03:41]} Qh2+
{[%clk 0:06:07]} 70. Ke3 {[%clk 0:03:54]} Qxe2+ {[%clk 0:06:21]} 71. Qxe2
{[%clk 0:04:22]} Bxe2 {[%clk 0:06:34]} 0-1

[Event "escc2023_65"]
[Site "?"]
[Date "2023.05.31"]
[Round "6.22"]
[White "Reem, Meir"]
[Black "Van Hoolandt, Patrick"]
[Result "0-1"]
[BlackElo "2035"]
[WhiteElo "1717"]
[LiveChessVersion "1.4.8"]

1. d4 {[%clk 1:30:57]} Nf6 {[%clk 1:30:40]} 2. Nf3 {[%clk 1:31:14]} e6
{[%clk 1:30:37]} 3. Bf4 {[%clk 1:31:09]} b6 {[%clk 1:30:38]} 4. e3
{[%clk 1:30:51]} Bb7 {[%clk 1:31:04]} 5. Nbd2 {[%clk 1:30:57]} d6
{[%clk 1:31:27]} 6. Bd3 {[%clk 1:31:03]} Nbd7 {[%clk 1:31:50]} 7. c3
{[%clk 1:31:26]} Qe7 {[%clk 1:32:14]} 8. e4 {[%clk 1:30:20]} e5 {[%clk 1:28:17]}
9. Bg3 {[%clk 1:28:40]} g6 {[%clk 1:25:30]} 10. Qe2 {[%clk 1:27:04]} a6
{[%clk 1:17:30]} 11. O-O {[%clk 1:23:53]} Bg7 {[%clk 1:17:51]} 12. Rad1
{[%clk 1:17:31]} O-O {[%clk 1:15:46]} 13. Nh4 {[%clk 1:07:23]} exd4
{[%clk 1:00:12]} 14. cxd4 {[%clk 1:05:28]} Nh5 {[%clk 1:00:32]} 15. Nhf3
{[%clk 1:04:24]} Nxg3 {[%clk 1:00:38]} 16. hxg3 {[%clk 1:03:24]} Rfe8
{[%clk 0:57:55]} 17. Rfe1 {[%clk 1:02:57]} c5 {[%clk 0:45:18]} 18. dxc5
{[%clk 0:50:12]} Nxc5 {[%clk 0:35:48]} 19. Bc2 {[%clk 0:48:27]} d5
{[%clk 0:31:48]} 20. e5 {[%clk 0:42:58]} Rad8 {[%clk 0:31:54]} 21. Nb3
{[%clk 0:39:44]} f6 {[%clk 0:24:33]} 22. Nxc5 {[%clk 0:34:09]} bxc5
{[%clk 0:24:58]} 23. Ba4 {[%clk 0:34:19]} fxe5 {[%clk 0:25:21]} 24. Bxe8 Rxe8
{[%clk 0:25:46]} 25. Qc2 {[%clk 0:33:46]} e4 {[%clk 0:24:19]} 26. Qb3
{[%clk 0:32:25]} Rf8 {[%clk 0:19:11]} 27. Rxd5 {[%clk 0:31:28]} c4
{[%clk 0:18:12]} 28. Qxc4 {[%clk 0:31:27]} Qf7 {[%clk 0:18:33]} 29. Rc5
{[%clk 0:23:47]} Qxc4 {[%clk 0:18:51]} 30. Rxc4 {[%clk 0:22:16]} exf3
{[%clk 0:18:56]} 31. Rc7 {[%clk 0:22:12]} Bd5 {[%clk 0:16:54]} 32. gxf3
{[%clk 0:16:37]} Bxf3 {[%clk 0:17:02]} 33. b3 {[%clk 0:16:38]} g5
{[%clk 0:08:03]} 34. Rce7 {[%clk 0:12:41]} Bh5 {[%clk 0:03:07]} 35. R7e4
{[%clk 0:09:56]} Bg6 {[%clk 0:01:02]} 36. Rg4 {[%clk 0:02:17]} h6
{[%clk 0:00:51]} 37. f4 {[%clk 0:02:23]} Bh5 {[%clk 0:00:58]} 0-1

[Event "escc2023_65"]
[Site "?"]
[Date "2023.05.31"]
[Round "6.23"]
[White "Both, Gert"]
[Black "Hinteregger, Arthur"]
[Result "0-1"]
[BlackElo "2000"]
[WhiteElo "1811"]
[LiveChessVersion "1.4.8"]

1. d4 {[%clk 1:30:56]} Nf6 {[%clk 1:30:47]} 2. c4 {[%clk 1:31:18]} g6
{[%clk 1:31:07]} 3. Nc3 {[%clk 1:31:42]} Bg7 {[%clk 1:31:27]} 4. e4
{[%clk 1:31:59]} d6 {[%clk 1:31:46]} 5. Be2 {[%clk 1:31:19]} Na6 {[%clk 1:29:48]}
6. Be3 {[%clk 1:31:05]} c5 {[%clk 1:28:37]} 7. d5 {[%clk 1:29:53]} e6
{[%clk 1:25:36]} 8. f4 {[%clk 1:26:46]} exd5 {[%clk 1:24:54]} 9. cxd5
{[%clk 1:27:04]} O-O {[%clk 1:23:19]} 10. Nf3 {[%clk 1:24:05]} Re8
{[%clk 1:22:57]} 11. Nd2 {[%clk 1:22:38]} Nc7 {[%clk 1:22:12]} 12. Qb3
{[%clk 1:18:26]} Rb8 {[%clk 1:14:27]} 13. a4 {[%clk 1:15:57]} Bg4
{[%clk 1:10:54]} 14. Bf3 {[%clk 1:09:48]} Bxf3 {[%clk 1:09:50]} 15. gxf3
{[%clk 1:10:09]} Qd7 {[%clk 1:07:00]} 16. Kf2 {[%clk 1:07:19]} Qh3
{[%clk 1:02:07]} 17. Rag1 {[%clk 1:06:18]} b5 {[%clk 0:51:57]} 18. axb5
{[%clk 0:59:32]} Nxb5 {[%clk 0:51:33]} 19. Nxb5 {[%clk 0:56:25]} Qd7
{[%clk 0:50:06]} 20. Nc4 {[%clk 0:54:19]} Rxb5 {[%clk 0:47:57]} 21. Qa3
{[%clk 0:52:57]} Reb8 {[%clk 0:45:49]} 22. f5 {[%clk 0:48:57]} Nh5
{[%clk 0:44:20]} 23. Rb1 {[%clk 0:47:26]} gxf5 {[%clk 0:37:16]} 24. Rhg1
{[%clk 0:42:50]} Rb3 {[%clk 0:35:03]} 25. Qa5 {[%clk 0:36:52]} fxe4
{[%clk 0:34:41]} 26. Rxg7+ {[%clk 0:34:27]} Nxg7 {[%clk 0:34:06]} 27. fxe4
{[%clk 0:34:05]} Qh3 {[%clk 0:33:20]} 28. Rg1 {[%clk 0:32:42]} Qxh2+
{[%clk 0:30:00]} 29. Rg2 {[%clk 0:32:42]} Qh4+ {[%clk 0:30:04]} 30. Kf3
{[%clk 0:31:19]} Qf6+ {[%clk 0:26:03]} 31. Ke2 {[%clk 0:30:32]} Rxe3+
{[%clk 0:22:18]} 32. Kxe3 {[%clk 0:30:10]} Qd4+ {[%clk 0:22:34]} 33. Kf4
{[%clk 0:29:39]} Qxc4 {[%clk 0:22:34]} 34. Qc7 {[%clk 0:28:38]} Re8
{[%clk 0:22:38]} 0-1

[Event "escc2023_65"]
[Site "?"]
[Date "2023.05.31"]
[Round "6.24"]
[White "Alquist, Erik"]
[Black "Patrucco, Carlo"]
[Result "1/2-1/2"]
[BlackElo "1734"]
[WhiteElo "1960"]
[LiveChessVersion "1.4.8"]

1. e4 {[%clk 1:30:54]} c6 {[%clk 1:30:51]} 2. d4 {[%clk 1:31:03]} d5
{[%clk 1:31:12]} 3. e5 {[%clk 1:31:24]} c5 {[%clk 1:31:31]} 4. Nf3
{[%clk 1:31:46]} Bg4 {[%clk 1:30:22]} 5. dxc5 {[%clk 1:31:29]} e6
{[%clk 1:30:25]} 6. a3 {[%clk 1:31:15]} Bxc5 {[%clk 1:30:03]} 7. b4
{[%clk 1:31:30]} Be7 {[%clk 1:30:20]} 8. Bb2 {[%clk 1:30:10]} Nd7
{[%clk 1:29:44]} 9. Nbd2 {[%clk 1:23:37]} a5 {[%clk 1:28:12]} 10. b5
{[%clk 1:19:56]} Nh6 {[%clk 1:28:16]} 11. h3 {[%clk 1:19:34]} Bxf3
{[%clk 1:27:13]} 12. Qxf3 {[%clk 1:19:17]} O-O {[%clk 1:23:36]} 13. c4
{[%clk 1:18:38]} Nb6 {[%clk 1:09:13]} 14. Rd1 {[%clk 1:16:00]} f6
{[%clk 0:59:06]} 15. Qh5 {[%clk 1:08:17]} Nf5 {[%clk 0:53:37]} 16. Bd3
{[%clk 1:06:10]} Qe8 {[%clk 0:41:23]} 17. Qg4 {[%clk 0:59:41]} fxe5
{[%clk 0:39:48]} 18. Bxe5 {[%clk 0:59:03]} Bf6 {[%clk 0:37:25]} 19. Bxf6
{[%clk 0:53:12]} Rxf6 {[%clk 0:37:51]} 20. O-O {[%clk 0:53:17]} Qf8
{[%clk 0:33:00]} 21. Nf3 {[%clk 0:43:08]} Nxc4 {[%clk 0:28:00]} 22. Bxc4
{[%clk 0:43:16]} dxc4 {[%clk 0:28:25]} 23. Qxc4 {[%clk 0:43:28]} Qxa3
{[%clk 0:23:55]} 24. Rd7 {[%clk 0:42:41]} Raf8 {[%clk 0:22:18]} 25. Rfd1
{[%clk 0:36:47]} Ne3 {[%clk 0:14:13]} 26. fxe3 {[%clk 0:36:53]} Qxe3+
{[%clk 0:14:34]} 27. Kh2 {[%clk 0:22:30]} Rxf3 {[%clk 0:14:57]} 28. gxf3
{[%clk 0:20:43]} Qf2+ {[%clk 0:15:15]} 29. Kh1 {[%clk 0:21:07]} Qxf3+
{[%clk 0:15:38]} 30. Kh2 {[%clk 0:21:09]} Qf2+ 1/2-1/2